[Event "4NCL/Div3/BRI2 vs. SCS"]
[Site "Telford ENG"]
[Date "2003.04.13"]
[Round "8.8"]
[White "Heaton, David"]
[Black "Headlong, Fenella"]
[Result "0-1"]
[WhiteElo "1688"]
[BlackElo "1672"]
[PlyCount "52"]
[EventDate "2003.04.13"]

1. e4 e5 2. Nf3 Nc6 3. Bb5 a6 4. Ba4 Nf6 5. O-O Nxe4 6. Re1 Nc5 7. Bxc6 dxc6 8.
d4 Ne6 9. Nxe5 Be7 10. Qf3 O-O 11. c3 Qd5 12. Qg3 Bd6 13. Qd3 f6 14. Nf3 Qh5
15. Re4 Ng5 16. Bxg5 fxg5 17. Nbd2 Bf5 18. Qc4+ Kh8 19. Re3 Bf4 20. Re7 g4 21.
Ne5 Qxh2+ 22. Kf1 Bxe5 23. Re1 Bd6 24. R7e3 Bf4 25. Ne4 Bxe3 26. Ng3 Bd3+ 0-1

[Event "4NCL/Div3/MKE vs. WRO2"]
[Site "Telford ENG"]
[Date "2003.04.13"]
[Round "8.1"]
[White "Freeman, Richard CP"]
[Black "van Kemenade, Rudy"]
[Result "1-0"]
[WhiteElo "2066"]
[BlackElo "2142"]
[PlyCount "93"]
[EventDate "2003.04.13"]

1. e4 e5 2. Bc4 Nf6 3. d4 exd4 4. Nf3 Nc6 5. e5 d5 6. Bb5 Ne4 7. Nxd4 Bd7 8.
Bxc6 bxc6 9. O-O Qh4 10. Be3 Bc5 11. c3 O-O 12. f3 Ng5 13. f4 Ne4 14. Nd2 Nxd2
15. Qxd2 Qe7 16. Rae1 Bb6 17. f5 Qxe5 18. Bg5 Qd6 19. Be7 Qh6 20. Qxh6 gxh6 21.
Bxf8 Kxf8 22. f6 c5 23. Nf5 Be6 24. Ng7 d4 25. Nxe6+ fxe6 26. Rxe6 d3 27. c4
Rd8 28. Rd1 Kf7 29. Re3 d2 {=} 30. Kf2 Rd4 31. Ke2 Ba5 32. b3 Rf4 33. Rf3 Rxf3
34. Kxf3 Kxf6 35. Ke2 Ke5 36. Rf1 Kd4 37. Rf3 Bb4 38. Rd3+ Ke4 39. Rh3 Kd4 40.
Kd1 Ba5 41. Kc2 Ke4 42. Rxh6 Ke3 43. Kd1 Kf2 44. g4 Kf3 45. h3 Ke3 46. Rxh7 Kd3
47. g5 1-0

[Event "4NCL/Div3/MKE vs. WRO2"]
[Site "Telford ENG"]
[Date "2003.04.13"]
[Round "8.2"]
[White "Keely, Leo"]
[Black "Smith, Graham M"]
[Result "0-1"]
[WhiteElo "2153"]
[BlackElo "2118"]
[PlyCount "58"]
[EventDate "2003.04.13"]

1. e4 d6 2. d4 Nf6 3. Nc3 g6 4. f4 Bg7 5. Nf3 c5 6. e5 Nfd7 7. e6 fxe6 8. Ng5
Nf6 9. Bb5+ Nc6 10. dxc5 h6 11. Qd3 hxg5 12. Qxg6+ Kf8 13. Bxc6 bxc6 14. fxg5
Qe8 15. Qd3 Nd5 16. O-O+ Kg8 17. Nxd5 exd5 18. cxd6 exd6 19. Bf4 Qe4 20. Qg3
Ba6 21. Rfe1 Qxc2 22. Qg4 Qg6 23. Qd7 Bd4+ 24. Kh1 Rh7 25. Qxc6 Bb7 26. Qb5 Rf8
27. Be3 Be5 28. h3 d4 29. Bxd4 Rxh3+ 0-1

[Event "4NCL/Div3/MKE vs. WRO2"]
[Site "Telford ENG"]
[Date "2003.04.13"]
[Round "8.3"]
[White "Ioannides, Milton"]
[Black "Lim, Chin-Lee"]
[Result "0-1"]
[WhiteElo "2096"]
[BlackElo "2060"]
[PlyCount "80"]
[EventDate "2003.04.13"]

1. e4 e5 2. Nf3 Nf6 3. Nc3 Nc6 4. Bc4 Nxe4 5. Bxf7+ Kxf7 6. Nxe4 d5 7. Nfg5+
Kg8 8. Qf3 Qd7 9. Ng3 h6 10. Nh3 Nd4 11. Qd1 Qg4 12. f3 Nxf3+ 13. gxf3 Qxh3 14.
d4 exd4 15. Qxd4 Qe6+ 16. Kf2 Qb6 17. Qxb6 axb6 18. Bf4 c6 19. Rhe1 Bh3 20. Be3
b5 21. Rg1 Kf7 22. Ne2 Bd6 23. f4 Be7 24. Kg3 Bd7 25. a3 Ra4 26. Rg2 b4 27. b3
Rxa3 28. Rag1 Bf5 29. Nd4 Be4 30. Nf3 Ra2 31. Ne5+ Ke6 32. Rd2 Rxc2 33. Kf2
Rxd2+ 34. Bxd2 Bc5+ 35. Be3 Bxe3+ 36. Kxe3 g5 37. Nd3 Bxd3 38. Kxd3 Kf5 39.
fxg5 hxg5 40. Rf1+ Ke6 0-1

[Event "4NCL/Div3/MKE vs. WRO2"]
[Site "Telford ENG"]
[Date "2003.04.13"]
[Round "8.4"]
[White "Arnott, Jonathan W"]
[Black "Valentine, Brian J"]
[Result "1/2-1/2"]
[WhiteElo "2094"]
[BlackElo "1968"]
[PlyCount "43"]
[EventDate "2003.04.13"]

1. e4 e5 2. Nf3 Nc6 3. d4 exd4 4. Bc4 Nf6 5. e5 d5 6. Bb5 Ne4 7. Nxd4 Bd7 8.
Bxc6 bxc6 9. O-O Bc5 10. f3 Ng5 11. c3 O-O 12. f4 Ne4 13. Nd2 Nxd2 14. Bxd2 Re8
15. Kh1 Bb6 16. Qh5 Qe7 17. Rae1 g6 18. Qh6 Qf8 19. Qh4 Qe7 20. Qh6 Qf8 21. Qh4
Qe7 22. Qh6 1/2-1/2

[Event "4NCL/Div3/MKE vs. WRO2"]
[Site "Telford ENG"]
[Date "2003.04.13"]
[Round "8.5"]
[White "Elwin, Adrian G"]
[Black "White, Mark W"]
[Result "1-0"]
[WhiteElo "2031"]
[BlackElo "2104"]
[PlyCount "87"]
[EventDate "2003.04.13"]

1. Nf3 Nf6 2. c4 c5 3. Nc3 g6 4. d4 cxd4 5. Nxd4 Bg7 6. e4 d6 7. Be2 O-O 8. Be3
Na6 9. O-O Nc5 10. f3 a6 11. Qd2 Ne6 12. Nc2 Bd7 13. Nb4 Rc8 14. Nbd5 Nxd5 15.
Nxd5 Nc5 16. b4 Na4 17. Rac1 Be6 18. c5 dxc5 19. bxc5 Qd7 20. Bd4 Rfd8 21. Bxg7
Kxg7 22. Rfd1 f6 23. Qb4 Bxd5 24. exd5 b5 25. cxb6 Rxc1 26. Rxc1 Qxd5 27. Qxe7+
Kh6 28. Qxf6 Qd2 29. Qh4+ Kg7 30. Rc7+ Rd7 31. Rxd7+ Qxd7 32. Bxa6 Nxb6 33. Qb4
Qe6 34. Bf1 Qe3+ 35. Kh1 Qf2 36. Qb5 Nd5 37. Qe2 Qd4 38. g3 Nc3 39. Qd3 Qc5 40.
Kg2 Nxa2 41. Qc4 Qa5 42. Qd4+ Kh6 43. Bc4 Nb4 44. Qf4+ 1-0

[Event "4NCL/Div3/MKE vs. WRO2"]
[Site "Telford ENG"]
[Date "2003.04.13"]
[Round "8.6"]
[White "Cumbers, Paul"]
[Black "Kendall, Paul SW"]
[Result "0-1"]
[WhiteElo "2040"]
[BlackElo "1944"]
[PlyCount "120"]
[EventDate "2003.04.13"]

1. e4 e5 2. f4 exf4 3. Nf3 h6 4. d4 g5 5. Nc3 d6 6. g3 Nc6 7. gxf4 g4 8. Ng1
Qh4+ 9. Ke2 Bg7 10. Be3 Nf6 11. Bg2 Nh5 12. Nd5 Qd8 13. Qd2 Ne7 {=} 14. c4 Be6
15. f5 Bxd5 16. cxd5 c6 17. dxc6 bxc6 18. Rf1 Qb6 19. Kd1 Rb8 20. Kc1 c5 21.
Ne2 Nc6 22. Rd1 O-O 23. Kb1 Rfe8 24. h3 cxd4 25. Nxd4 Ng3 26. Nb3 Qb5 27. Rhg1
Nxe4 28. Bxe4 Rxe4 29. Bxh6 Re2 30. Rxg4 Rxd2 31. Rxd2 Qxf5+ 32. Rc2 Nb4 33.
Rxg7+ Kh8 34. Nd4 Qf1+ 35. Rc1 Qd3+ 36. Nc2 Nxc2 37. Rxc2 Rc8 38. Rgg2 Rxc2 39.
Rxc2 Qxh3 40. Bc1 Qd3 41. b3 f5 42. Kb2 Kg7 43. Bd2 Kf7 44. Bc3 f4 45. Rd2 Qg6
46. Bd4 a6 47. Bf2 Ke6 48. Bd4 Kf5 49. Bb6 Ke4 50. Bd4 d5 51. Kc3 Qg3+ 52. Kc2
Qe1 53. Bc5 Qa1 54. a3 f3 55. Bf2 Qxa3 56. Rd4+ Ke5 57. Ra4 Qe7 58. Bg3+ Kf5
59. Rf4+ Kg5 60. Bh4+ Kxf4 0-1

[Event "4NCL/Div3/MKE vs. WRO2"]
[Site "Telford ENG"]
[Date "2003.04.13"]
[Round "8.7"]
[White "Mahony, Richard"]
[Black "Keeling, Geoff"]
[Result "1/2-1/2"]
[WhiteElo "1856"]
[BlackElo "2013"]
[PlyCount "32"]
[EventDate "2003.04.13"]

1. Nf3 d5 2. d4 c6 3. c4 Nf6 4. Nc3 dxc4 5. a4 Bf5 6. Nh4 e6 7. Nxf5 exf5 8. e3
Nbd7 9. Bxc4 Nb6 10. Bd3 g6 11. O-O Bg7 12. a5 Nbd5 13. Qb3 Qd7 14. Na4 Qc7 15.
Bd2 O-O 16. h3 Rfe8 1/2-1/2

[Event "4NCL/Div3/MKE vs. WRO2"]
[Site "Telford ENG"]
[Date "2003.04.13"]
[Round "8.8"]
[White "van Kemenade, Julie"]
[Black "Wilcox, Charlotte"]
[Result "1-0"]
[WhiteElo "1664"]
[BlackElo "1528"]
[PlyCount "75"]
[EventDate "2003.04.13"]

1. e4 c6 2. d4 d5 3. e5 Bf5 4. Nc3 e6 5. g4 Bg6 6. Nge2 f6 7. Nf4 fxe5 8. dxe5
Bf7 9. Qf3 Nd7 10. Nd3 Qc7 11. Qg3 g6 12. Bd2 Nc5 13. O-O-O h6 14. f4 O-O-O 15.
h4 d4 16. Ne2 Nxd3+ 17. Qxd3 Bc5 18. Bh3 Ne7 19. Ng3 Nd5 20. Ne4 Qe7 21. Bg2
Rdf8 22. Rdf1 Be8 23. a3 a5 24. Ng3 Bd7 25. Bxd5 exd5 26. Bxa5 g5 27. hxg5 hxg5
28. Rxh8 Rxh8 29. Nf5 Qe6 30. Bd2 gxf4 31. Bxf4 Rg8 32. b4 Bf8 33. Qxd4 Rxg4
34. Nd6+ Bxd6 35. exd6 Kb8 36. Qb6 Rg8 37. Be3 Rd8 38. Qa7+ 1-0

[Event "4NCL/Div3/PPA2 vs. 3CS2"]
[Site "Telford ENG"]
[Date "2003.04.13"]
[Round "8.1"]
[White "Rosen, Daniel B"]
[Black "Bentley, John L"]
[Result "0-1"]
[WhiteElo "2193"]
[BlackElo "2163"]
[PlyCount "132"]
[EventDate "2003.04.13"]

1. e4 c5 2. f4 g6 3. Nf3 Bg7 4. Nc3 Nc6 5. Bb5 Nd4 6. O-O Nxb5 7. Nxb5 d5 8.
exd5 a6 9. Nc3 Nf6 10. d3 Nxd5 11. Bd2 O-O 12. Nxd5 Qxd5 13. Bc3 Bg4 {=} 14.
Qe1 Bxf3 15. Rxf3 Bd4+ 16. Kh1 e6 17. Qh4 Kg7 18. Rh3 h5 19. Rg3 Qf5 20. Rf3
Rad8 21. Qe1 Rd7 22. Rb1 Qf6 23. Bd2 Qf5 24. Bc3 Qd5 25. b3 Kh7 26. Qd2 Rfd8
27. Ba5 Rc8 28. Qe2 b5 29. Bd2 Bg7 30. Be3 Bd4 31. Bd2 Bg7 32. Be3 Re8 33. Rbf1
Bd4 34. Bc1 Rde7 35. Qd2 Bg7 36. Qf2 Bd4 37. Qd2 Bg7 38. Qf2 Rc7 39. Qe2 Rec8
40. c4 Qf5 41. Bb2 Rd7 42. Bxg7 Kxg7 43. cxb5 axb5 44. Rc1 Rd4 45. g3 Rcd8 46.
Kg2 h4 47. Qe5+ Qxe5 48. fxe5 R8d5 49. Re3 hxg3 50. hxg3 Rg4 51. Kf3 Rg5 52.
Rce1 Rf5+ 53. Kg2 Kf8 54. g4 Rf4 55. Kh3 Rf2 56. a4 bxa4 57. bxa4 Ra2 58. Re4
Rxd3+ 59. Kh4 Rd4 60. Rxd4 cxd4 61. Re4 Rxa4 62. Kg5 Ke7 63. Kh6 Ra5 64. Rxd4
Rxe5 65. Kg7 Rg5 66. Rf4 f5 0-1

[Event "4NCL/Div3/PPA2 vs. 3CS2"]
[Site "Telford ENG"]
[Date "2003.04.13"]
[Round "8.2"]
[White "Shaw, David A"]
[Black "Waddington, Michael P"]
[Result "1/2-1/2"]
[WhiteElo "2178"]
[BlackElo "2184"]
[PlyCount "52"]
[EventDate "2003.04.13"]

1. e4 e6 2. d4 d5 3. Nc3 dxe4 4. Nxe4 Bd7 5. Nf3 Bc6 6. Bd3 Nd7 7. Qe2 Ngf6 8.
Nxf6+ Nxf6 9. Bg5 Bxf3 10. Qxf3 Qd5 11. Qxd5 Nxd5 12. c3 Be7 13. Bxe7 Kxe7 14.
O-O-O c6 15. Rhe1 Rhd8 16. Bc2 Rd7 17. g3 g6 18. h4 h5 19. Bb3 Rad8 20. Re5 Nf6
21. Rde1 Kf8 22. Bd1 Rd5 23. Bf3 Rxe5 24. Rxe5 Ke7 25. Kc2 Kd6 26. Re1 b6
1/2-1/2

[Event "4NCL/Div3/PPA2 vs. 3CS2"]
[Site "Telford ENG"]
[Date "2003.04.13"]
[Round "8.3"]
[White "Sayers, Raymond"]
[Black "Taylor, Robert M"]
[Result "1-0"]
[WhiteElo "2145"]
[BlackElo "2165"]
[PlyCount "97"]
[EventDate "2003.04.13"]

1. e4 c5 2. Nf3 d6 3. d4 cxd4 4. Qxd4 a6 5. c4 Nc6 6. Qd2 Nf6 7. Nc3 g6 8. b3
Bg7 9. Bb2 O-O 10. Be2 Bg4 11. O-O Rb8 12. Rfc1 Qd7 13. Rd1 Bxf3 14. Bxf3 Qe6
15. Nd5 Ne5 16. Qf4 Nxf3+ 17. Qxf3 Nd7 18. Nf4 Ne5 19. Qc3 Qg4 20. Nd5 Rfe8 21.
Kh1 f6 {=} 22. f3 Qc8 23. Rac1 Kf7 24. a4 h5 25. f4 Ng4 26. Qf3 e6 27. Ne3 Nxe3
28. Qxe3 Qc5 29. Bd4 Qc6 30. Bb6 f5 31. c5 d5 32. e5 h4 33. Rd4 Rh8 34. Kg1
Rbg8 35. Rb1 Bh6 36. Qc3 h3 37. g3 g5 38. fxg5 Bxg5 39. Rf1 Ke7 40. Kh1 Qe8 {=}
41. Bc7 Qh5 42. Bd6+ Ke8 43. Rf3 f4 44. c6 Qh7 45. Rf1 fxg3 46. hxg3 b6 47. Rb4
b5 48. axb5 Rf8 49. Bxf8 1-0

[Event "4NCL/Div3/PPA2 vs. 3CS2"]
[Site "Telford ENG"]
[Date "2003.04.13"]
[Round "8.4"]
[White "Walton, Alan J"]
[Black "Goodger, Martyn"]
[Result "1/2-1/2"]
[WhiteElo "2138"]
[BlackElo "2109"]
[PlyCount "53"]
[EventDate "2003.04.13"]

1. d4 f5 2. Bg5 g6 3. Nd2 Bg7 4. e4 fxe4 5. Nxe4 d5 6. Nc5 b6 7. Nb3 Nf6 8. Bd3
O-O 9. c3 Qd6 10. Nf3 Bg4 11. Nbd2 Nbd7 12. h3 Bxf3 13. Nxf3 e5 14. dxe5 Nxe5
15. O-O Nxf3+ 16. Qxf3 Ne4 17. Qg4 Nxg5 18. Qxg5 Rae8 19. Rae1 Re5 20. Rxe5
Qxe5 21. Qd2 d4 22. Bc4+ Kh8 23. cxd4 Qxd4 24. Qxd4 Bxd4 25. b3 Kg7 26. g3 Rf5
27. a4 1/2-1/2

[Event "4NCL/Div3/PPA2 vs. 3CS2"]
[Site "Telford ENG"]
[Date "2003.04.13"]
[Round "8.5"]
[White "Winfridsson, Ola"]
[Black "Adams, Phil"]
[Result "1/2-1/2"]
[WhiteElo "2038"]
[BlackElo "2056"]
[PlyCount "44"]
[EventDate "2003.04.13"]

1. d4 Nf6 2. c4 e6 3. Nc3 Bb4 4. Bg5 c5 5. Rc1 cxd4 6. Qxd4 Nc6 7. Bxf6 Nxd4 8.
Bxd8 Kxd8 9. e3 Nc6 10. Nf3 f5 11. h4 b6 12. Be2 Bb7 13. O-O Ke7 14. Rfd1 Rac8
15. a3 Bxc3 {=} 16. Rxc3 Rc7 17. Nd4 Nxd4 18. exd4 Rhc8 19. Rdc1 d6 20. Bd3 g6
21. f3 Kf6 22. Kf2 e5 1/2-1/2

[Event "4NCL/Div3/PPA2 vs. 3CS2"]
[Site "Telford ENG"]
[Date "2003.04.13"]
[Round "8.6"]
[White "English, Ray"]
[Black "Soh, Edmund"]
[Result "1/2-1/2"]
[WhiteElo "2016"]
[BlackElo "2044"]
[PlyCount "27"]
[EventDate "2003.04.13"]

1. e4 d6 2. d4 Nf6 3. Nc3 g6 4. Be3 Bg7 5. Be2 Nc6 6. h3 O-O 7. Qd2 e5 8. d5
Ne7 9. g4 c5 10. g5 Ne8 11. h4 a6 12. h5 b5 13. Nh3 b4 14. Nd1 1/2-1/2

[Event "4NCL/Div3/PPA2 vs. 3CS2"]
[Site "Telford ENG"]
[Date "2003.04.13"]
[Round "8.7"]
[White "Retallick, Lloyd"]
[Black "Lewis, Andrew"]
[Result "1/2-1/2"]
[WhiteElo "1856"]
[BlackElo "1936"]
[PlyCount "76"]
[EventDate "2003.04.13"]

1. d4 e6 2. c4 d5 3. Nc3 Nf6 4. cxd5 exd5 5. Bg5 Nbd7 6. e3 Be7 7. Bd3 c6 8.
Nf3 O-O 9. Qc2 Re8 10. O-O h6 11. Bh4 Ne4 12. Bxe4 Bxh4 13. Bh7+ Kh8 14. b4 Bf6
15. Bd3 Nf8 16. Rac1 Bg4 17. Nd2 Qd6 18. b5 c5 19. dxc5 Qxc5 20. Qa4 Bxc3 21.
Qxg4 Qb4 22. Qxb4 Bxb4 23. Nb3 Ne6 24. Rfd1 g6 {=} 25. Be2 Rac8 26. Bf3 Rxc1
27. Rxc1 Rd8 {=} 28. Rd1 Nc7 29. a4 Kg7 30. g3 Kf6 {=} 31. e4 Ke5 32. exd5 Nxd5
33. Rd4 Be7 {=} 34. Re4+ Kf6 35. Rc4 b6 36. Nd4 Nb4 37. Nc6 Nxc6 {=} 38. Bxc6
Bc5 1/2-1/2

[Event "4NCL/Div3/PPA2 vs. 3CS2"]
[Site "Telford ENG"]
[Date "2003.04.13"]
[Round "8.8"]
[White "Roberts, Elizabeth H"]
[Black "Aarons, Poppy J"]
[Result "1-0"]
[WhiteElo "1472"]
[BlackElo "1907"]
[PlyCount "55"]
[EventDate "2003.04.13"]

1. e4 e6 2. d4 d5 3. e5 c5 4. c3 Nc6 5. Nf3 Qb6 6. a3 cxd4 7. cxd4 Bd7 8. Nc3
Nge7 9. Be2 Nf5 10. Na4 Qc7 11. Be3 Rc8 12. Rc1 Be7 13. O-O O-O 14. b4 Qd8 15.
Nc5 b6 16. Nxd7 Qxd7 17. Bb5 Qb7 18. Qa4 Nb8 19. Bd3 f6 20. Rxc8 Rxc8 21. Bxf5
exf5 22. exf6 Bxf6 23. Bg5 Bxg5 24. Nxg5 Qd7 25. Qd1 Rc3 26. Qa1 Qc8 27. Re1 h6
28. Qxc3 1-0

[Event "4NCL/Div3/MIN vs. NKN1"]
[Site "West Bromwich ENG"]
[Date "2003.05.24"]
[Round "9.1"]
[White "Radovanovich, Jovica"]
[Black "Williams, Leighton"]
[Result "1/2-1/2"]
[WhiteElo "2233"]
[BlackElo "2349"]
[PlyCount "69"]
[EventDate "2003.05.24"]

1. e4 c5 2. Nf3 e6 3. d4 cxd4 4. Nxd4 Qb6 5. Nb3 Qc7 6. g3 a6 7. Bg2 d6 8. O-O
Nd7 9. Be3 b5 10. a4 b4 11. c3 Rb8 12. N1d2 bxc3 13. Rc1 Qd8 14. Rxc3 Bb7 15.
Nd4 Rc8 16. Qc2 Rxc3 17. Qxc3 Ngf6 18. b4 Be7 19. Rc1 O-O 20. Nc6 Bxc6 21. Qxc6
Qb8 22. Rb1 Rc8 23. Qxa6 Ng4 24. Qa7 Qxa7 25. Bxa7 Ra8 26. Bd4 Rxa4 27. h3 Nge5
28. Be3 Bd8 29. Bf1 Ra2 30. Nc4 Nxc4 31. Bxc4 Rc2 32. Rc1 Rxc1+ 33. Bxc1 Kf8
34. Kf1 Ke7 35. Be3 1/2-1/2

[Event "4NCL/Div3/MIN vs. NKN1"]
[Site "West Bromwich ENG"]
[Date "2003.05.24"]
[Round "9.2"]
[White "Walsh, Chris"]
[Black "Kenworthy, Gary"]
[Result "1/2-1/2"]
[WhiteElo "2204"]
[BlackElo "2259"]
[PlyCount "99"]
[EventDate "2003.05.24"]

1. e4 g6 2. d4 Bg7 3. Nf3 d6 4. Nc3 a6 5. a4 Nf6 6. h3 O-O 7. Be3 Nc6 8. Be2 b6
9. O-O e6 10. Qd2 Bb7 11. Bg5 Ne7 12. Qf4 Nh5 13. Qh4 f6 14. Be3 f5 15. Ng5 Qd7
16. Bxh5 gxh5 17. Qxh5 h6 18. Nf3 fxe4 19. Nd2 Nf5 20. Ndxe4 b5 21. axb5 axb5
22. Rxa8 Bxa8 23. b4 Qc6 24. g4 Nxd4 25. Bxd4 Bxd4 26. Qxb5 Bxc3 27. Qxc6 Bxc6
28. Nxc3 Rf3 29. Ne2 Rxh3 30. Ng3 Bf3 31. Ra1 Rh4 32. Ra3 Bxg4 33. Ra8+ Kf7 34.
Ra7 Bf3 35. Rxc7+ Kf6 36. c3 Rg4 37. Kf1 Ke5 38. Ke1 h5 39. Kd2 h4 40. Nf1 h3
41. Nh2 Rf4 42. Nxf3+ Rxf3 43. Ke2 h2 44. Rh7 Rxc3 45. Rxh2 {=} d5 46. Rh5+ Kd6
47. Rh4 Rb3 48. Kd2 Rf3 49. Ke2 Rf6 50. Ke3 1/2-1/2

[Event "4NCL/Div3/MIN vs. NKN1"]
[Site "West Bromwich ENG"]
[Date "2003.05.24"]
[Round "9.3"]
[White "Muter, Donny"]
[Black "Morris, Gareth"]
[Result "1-0"]
[WhiteElo "2124"]
[BlackElo "2174"]
[PlyCount "63"]
[EventDate "2003.05.24"]

1. d4 Nf6 2. c4 c5 3. d5 b5 4. Nd2 Qa5 5. Qc2 e6 6. e4 bxc4 7. Bxc4 Bb7 8. Ne2
exd5 9. exd5 d6 10. Nc3 Be7 11. O-O O-O 12. Re1 Re8 13. Bb5 Nbd7 14. Nc4 Qc7
15. Ne3 Bf8 16. Bd2 g6 17. Bc4 a6 18. Rad1 Nb6 19. Qd3 Nbd7 20. Qc2 Ne5 21. Be2
h5 22. f4 Neg4 23. Bxg4 Nxg4 24. Nxg4 hxg4 25. f5 Kg7 26. fxg6 fxg6 27. Ne4 Be7
28. Bc3+ Kh7 29. Bf6 Bf8 30. Ng5+ Kh6 31. Qf2 Kh5 32. Ne6 1-0

[Event "4NCL/Div3/MIN vs. NKN1"]
[Site "West Bromwich ENG"]
[Date "2003.05.24"]
[Round "9.4"]
[White "Gandy, Andrew"]
[Black "Stirling, William J"]
[Result "1-0"]
[WhiteElo "2097"]
[BlackElo "2174"]
[PlyCount "39"]
[EventDate "2003.05.24"]

1. d4 g6 2. e4 Bg7 3. Nc3 d6 4. Be3 a6 5. Qd2 Nd7 6. Nf3 b5 7. a4 b4 8. Ne2 Rb8
9. Ng3 Ngf6 10. Bh6 O-O 11. Bxg7 Kxg7 12. e5 Nd5 13. Bd3 c5 14. Nh5+ gxh5 15.
Qg5+ Kh8 16. Qh6 f5 17. Ng5 N7f6 18. Bc4 dxe5 19. dxe5 Qc7 20. Qxf8+ 1-0

[Event "4NCL/Div3/MIN vs. NKN1"]
[Site "West Bromwich ENG"]
[Date "2003.05.24"]
[Round "9.5"]
[White "Hardman, Michael J"]
[Black "Saunders, Robert"]
[Result "1/2-1/2"]
[WhiteElo "2135"]
[BlackElo "2177"]
[PlyCount "75"]
[EventDate "2003.05.24"]

1. d4 Nf6 2. Nf3 e6 3. g3 b6 4. Bg2 Bb7 5. O-O Be7 6. c4 O-O 7. d5 exd5 8. Nh4
Re8 9. cxd5 d6 10. Nc3 a5 11. Nf5 Bf8 12. Re1 Na6 13. e4 Nc5 14. h4 h5 15. Bg5
g6 16. Nd4 Bg7 17. Qf3 Ncd7 18. Rad1 Qc8 19. Qf4 Nh7 20. Bh6 Bh8 21. Bh3 Qd8
22. Ne6 fxe6 23. Bxe6+ Rxe6 24. dxe6 Ne5 25. Nd5 Bxd5 26. exd5 Qf6 27. Qxf6
Nxf6 {=} 28. Kg2 Re8 29. Re2 Neg4 30. Bg5 Kf8 31. Rc2 Rc8 32. b3 Ne4 33. f3
Nxg5 34. fxg4 Ne4 35. Rf1+ Ke8 36. gxh5 gxh5 37. Rf5 Nf6 38. Rc4 1/2-1/2

[Event "4NCL/Div3/MIN vs. NKN1"]
[Site "West Bromwich ENG"]
[Date "2003.05.24"]
[Round "9.6"]
[White "Sinnett, Glyn"]
[Black "Parker, Robert"]
[Result "0-1"]
[WhiteElo "1939"]
[BlackElo "2115"]
[PlyCount "66"]
[EventDate "2003.05.24"]

1. e4 e5 2. Nf3 Nc6 3. Bc4 Bc5 4. c3 Bb6 5. O-O Nf6 6. d3 O-O 7. b4 d6 8. a4 a5
9. b5 Ne7 10. Be3 c6 11. Nbd2 Bg4 12. Bxb6 Qxb6 13. bxc6 bxc6 14. Rb1 Qc7 15.
Qb3 Ng6 16. Qb7 Ra7 17. Qxc7 {=} Rxc7 18. Rfc1 Nf4 19. Kf1 Rd8 20. Rb6 Nd7 21.
Ra6 d5 22. exd5 cxd5 23. Bb5 Bxf3 24. gxf3 Nc5 25. Rxa5 Ncxd3 26. Rc2 Nb4 27.
Rc1 Na2 28. Rc2 Nxc3 29. Nb3 Nxb5 30. Rxc7 Nxc7 31. Rc5 Nce6 32. Rc6 Rb8 33.
Rc3 d4 0-1

[Event "4NCL/Div3/MIN vs. NKN1"]
[Site "West Bromwich ENG"]
[Date "2003.05.24"]
[Round "9.7"]
[White "Hawkins, J Nick"]
[Black "Smith, Olivia"]
[Result "1-0"]
[WhiteElo "2063"]
[BlackElo "1916"]
[PlyCount "125"]
[EventDate "2003.05.24"]

1. e4 e5 2. Nf3 Nc6 3. Bc4 Bc5 4. c3 Nf6 5. d4 Be7 6. Nxe5 O-O 7. Nd2 d5 8.
exd5 Nxe5 9. dxe5 Nxd5 10. Nf3 Nb6 11. Qxd8 Rxd8 12. Be2 Rd5 13. O-O Bg4 14.
Re1 Re8 15. h3 Bh5 16. g4 Bg6 17. Bf4 c6 18. Rad1 Bd8 19. Rxd5 Nxd5 20. Bg3 Nb6
21. Nd2 f6 22. Nc4 fxe5 23. Nxe5 Be4 24. f3 Bd5 25. c4 Be6 26. f4 Bf6 27. b3
Nd7 28. Nxd7 Bxd7 29. Bf3 Bd4+ 30. Kf1 Rxe1+ 31. Kxe1 h5 32. Kd2 hxg4 33. hxg4
Kf7 34. Kd3 Bb6 35. Be1 Bc7 36. Bd2 Bd6 37. b4 b6 38. Ke4 Be6 39. Be2 g6 40. a3
Kf6 41. Bc3+ Ke7 42. Be5 a5 43. Bxd6+ Kxd6 44. f5 gxf5+ 45. gxf5 Bf7 46. Bd3
axb4 47. axb4 c5 48. b5 Bg8 49. Kf4 Bf7 50. Be2 Be8 51. Ke4 Bf7 52. Bd3 Bg8 53.
Kf4 Bf7 54. Kg5 Ke5 55. f6 Kd4 56. Bf1 Ke5 57. Be2 Kd4 58. Kh6 Bxc4 59. Bxc4
Kxc4 60. f7 Kxb5 61. f8=Q Kb4 62. Kg5 b5 63. Kf4 1-0

[Event "4NCL/Div3/MIN vs. NKN1"]
[Site "West Bromwich ENG"]
[Date "2003.05.24"]
[Round "9.8"]
[White "Arnold, Chris"]
[Black "Hegarty, Sarah N"]
[Result "1/2-1/2"]
[WhiteElo "1615"]
[BlackElo "1870"]
[PlyCount "59"]
[EventDate "2003.05.24"]

1. d4 Nf6 2. Nf3 g6 3. Nc3 d5 4. Bf4 c5 5. e3 Bg7 6. Be2 O-O 7. Ne5 Nbd7 8. O-O
e6 9. Re1 cxd4 10. exd4 Nxe5 11. Bxe5 Ne8 12. Bxg7 Nxg7 13. Bf3 Nf5 14. Ne2 Nh4
15. Ng3 Nxf3+ 16. Qxf3 Kg7 17. b3 Qf6 18. Qxf6+ Kxf6 19. c4 Rd8 20. c5 Bd7 21.
b4 a5 22. a3 Re8 23. f4 h5 24. h4 Reb8 25. Rec1 axb4 26. axb4 Ra6 27. Ra5 Rxa5
28. bxa5 Ra8 29. Ra1 Bb5 30. Kf2 1/2-1/2

[Event "4NCL/Div3/SLO2 vs. PPA2"]
[Site "West Bromwich ENG"]
[Date "2003.05.24"]
[Round "9.1"]
[White "Purton, Ben"]
[Black "Waddington, Michael P"]
[Result "1/2-1/2"]
[WhiteElo "2062"]
[BlackElo "2184"]
[PlyCount "23"]
[EventDate "2003.05.24"]

1. d4 f5 2. Nf3 Nf6 3. c4 e6 4. g3 d5 5. Bg2 c6 6. O-O Bd6 7. Nbd2 Nbd7 8. b3
O-O 9. Bb2 Ne4 10. Ne5 Ndf6 11. Nxe4 Nxe4 12. f3 1/2-1/2

[Event "4NCL/Div3/SLO2 vs. PPA2"]
[Site "West Bromwich ENG"]
[Date "2003.05.24"]
[Round "9.2"]
[White "Sayers, Raymond"]
[Black "Payne, Oliver R"]
[Result "1/2-1/2"]
[WhiteElo "2145"]
[BlackElo "2029"]
[PlyCount "133"]
[EventDate "2003.05.24"]

1. e4 e6 2. d4 d5 3. Nd2 Nf6 4. e5 Nfd7 5. c3 c5 6. Bd3 Nc6 7. Ne2 Qb6 8. Nf3
cxd4 9. cxd4 Bb4+ 10. Bd2 Bxd2+ 11. Qxd2 Qb4 12. Nf4 Qxd2+ 13. Kxd2 Ke7 14.
Rhe1 b6 15. Rac1 Bb7 16. a3 Rac8 17. b4 h6 18. g4 a6 {=} 19. h4 Na7 20. Nh5 Nc6
21. Nxg7 Rhg8 22. Nh5 Rxg4 23. Ke3 b5 24. Rc2 f6 25. Nxf6 Nxf6 26. exf6+ Kxf6
27. Rec1 Rgg8 28. h5 Rgf8 29. Nh2 e5 30. Ng4+ Ke6 31. Nxe5 Nxe5 32. dxe5 Rxc2
33. Rxc2 Kxe5 34. Bg6 d4+ 35. Ke2 Bf3+ 36. Kd3 Rf4 37. Rc8 Bd5 38. Re8+ {=} Be6
39. Ke2 Kd5 40. Ra8 Bg4+ 41. Ke1 Rf6 42. Bd3 Bxh5 43. Rc8 Bf7 44. Rc5+ Kd6 45.
a4 bxa4 46. Ra5 Bb3 47. Bxa6 Kc7 48. Be2 Rd6 49. Bd1 Rb6 50. b5 Kd6 51. Kd2 Kc5
52. Be2 Kb4 53. Ra6 Rxa6 54. bxa6 Bd5 55. f4 Kc5 56. Kc2 {=} Be4+ 57. Kb2 Kb6
58. Ka3 d3 59. Bd1 Kxa6 60. Kxa4 Kb6 61. Kb4 Kc6 62. Kc4 Kd6 63. Bg4 d2 64. Kc3
Bf5 65. Bf3 d1=Q 66. Bxd1 Kd5 67. Bf3+ 1/2-1/2

[Event "4NCL/Div3/SLO2 vs. PPA2"]
[Site "West Bromwich ENG"]
[Date "2003.05.24"]
[Round "9.3"]
[White "Richardson, Alex"]
[Black "Goodger, Martyn"]
[Result "0-1"]
[WhiteElo "2098"]
[BlackElo "2109"]
[PlyCount "90"]
[EventDate "2003.05.24"]

1. e4 e5 2. Nf3 Nf6 3. Nc3 Nc6 4. Bb5 Bc5 5. Nxe5 Nxe5 6. d4 Bd6 7. f4 Nc6 8.
e5 Be7 9. d5 Nb4 10. exf6 Bxf6 11. O-O O-O 12. a3 Bxc3 13. bxc3 Nxd5 14. Qxd5
c6 15. Qc5 d6 16. Qd4 cxb5 17. f5 f6 18. Bf4 Bd7 19. Bxd6 Re8 20. Qd5+ Kh8 21.
Qxb7 Qc8 22. Qxc8 Raxc8 23. Bb4 Re5 24. Rad1 Bxf5 25. Bd6 Bxc2 26. Bxe5 Bxd1
27. Rxd1 fxe5 28. Rd5 a6 29. Rxe5 Kg8 30. Re3 {=} Rc4 31. Kf2 Ra4 32. Re7 Rxa3
33. Rc7 h6 34. h3 Ra2+ 35. Kg1 Rc2 36. Ra7 Rxc3 37. Rxa6 b4 38. Rb6 b3 39. Rb7
Kh7 40. Rb6 Kg8 41. Rb7 Kh7 42. Rb6 g5 43. Rb7+ Kg6 44. Rb6+ Kf5 45. Rxh6 b2
0-1